000 02824cam a22005534i 4500
003 PE-LiUPU
005 20250731173252.0
008 150616s1972 ag a r 000 0 spa d
035 _a(Sirsi) a3560
040 _aPE-LiUPU
_bspa
_cPE-LiUPU
_erda
082 0 4 _a261
_bM45 1978
100 1 _aMaxwell, Arturo S.,
_eautor.
245 1 0 _aSolucione sus problemas con la Biblia /
_cArturo S. Maxwell.
264 1 _aBuenos Aires :
_bAsociación Casa Editora Sudamericana,
_c1978.
300 _a336 páginas :
_bilustraciones ;
_c23 centímetros
336 _atext
_2rdacontent
337 _aunmediated
_2rdamedia
338 _avolume
_2rdacarrier
500 _a3 ejemplares son de Ediciones Interamericanas.
505 0 _aLa Biblia un libro actual -- El Dios que la Biblia nos revela -- La Biblia en nuestra vida diaria -- La Biblia y nuestro hogar -- La Biblia y nuestra salud -- La Biblia y nuestros problemas -- La Biblia y nuestro futuro.
526 _aSEG42
526 _aSEG41
526 _aSEG40
526 _aSEG39
526 _aP94
526 _aP87
526 _aP86
526 _aP85
526 _aP77
526 _aP76
526 _aP35
630 _aBiblia
_xEstudio y enseñanza.
910 _ajck
_bjvq
_cjck
942 _2ddc
_cBOOK
949 _a261 M45
_wDEWEY
_c1
_i12123
_lCCODEBUL1
_mBUL
_p00.00
_r0
_sY
_tBOOK
_u19770809
_xTEOLOGIA
_zUNKNOWN
_0COMPRA
_o.STAFF. Colección General
949 _a261 M45
_wDEWEY
_c2
_i15720
_lCCODEBUL1
_mBUL
_p00.00
_r0
_sY
_tBOOK
_u19770809
_xTEOLOGIA
_zUNKNOWN
_0COMPRA
_o.STAFF. Colección General
949 _a261 M45
_wDEWEY
_c3
_i20550
_lCCODEBUL1
_mBUL
_p00.00
_r0
_sY
_tBOOK
_u19770809
_xTEOLOGIA
_zUNKNOWN
_0COMPRA
_o.STAFF. Colección General
949 _a261 M45 1972
_wDEWEY
_c1
_iFT00312
_lCCODEBUT1
_mBUT
_p{Dolar}15.00
_r0
_sY
_tBOOK
_u2018-06-19
_xBIBLIOTECA
_zUNKNOWN
_o.STAFF. Colección General Tarapoto
994 _aC0
_bPEPRU
596 _a1 2 4
999 _a261 M45
_wDEWEY
_c43582
_i12123
_d43582
_e2016-6-15
_f2021-11-12
_g5
_lCCODEBUL1
_mBUL
_n1
_p20.98
_q1
_r0
_sY
_tBOOK
_u2015-6-16
_xTEOLOGIA
_PP35
_0COMPRA
_o.STAFF. Colección Teología
999 _a261 M45
_wDEWEY
_c3
_i20550
_f2019-2-21
_g3
_lDISCARD
_mBUL
_r0
_sY
_tBOOK
_u2015-6-16
_xTEOLOGIA
_zUNKNOWN
_0COMPRA
_o.STAFF. Colección General
999 _a261 M45 1978
_wATDEWEY
_c1
_iFT00312
_f2019-2-20
_g1
_lCCODEBUT1
_mBUT
_p15.00
_r0
_sY
_tBOOK
_u2018-6-19
_xBIBLIOTECA
_zUNKNOWN
_0DONACION
_o.STAFF. Colección General Tarapoto
999 _a261 M45
_wDEWEY
_c1
_i15720
_d2018-5-4
_e2018-5-3
_f2019-12-11
_g4
_lCCODECWL1
_mBWL
_n2
_q1
_r1
_sY
_tBOOK
_u2015-6-16
_xTEOLOGIA
_zUNKNOWN
_0COMPRA
_o.STAFF. Colección General
980 _81
_gALBERTO SANCHEZ Responsable de Automatización